[Event "Titled Tuesday intern op 03rd Sep Early"]
[Site "Chess.com INT"]
[Date "2024.09.03"]
[Round "2"]
[White "Crevatin, Leo"]
[Black "Starosta, Martyna"]
[Result "1-0"]
[WhiteElo "2232"]
[BlackElo "2325"]
[PlyCount "101"]
[EventDate "2024.09.03"]
[EventType "swiss (blitz)"]
[EventRounds "11"]
[EventCountry "USA"]
[SourceTitle "EXT 2025"]
[Source "ChessBase"]
[SourceDate "2024.10.14"]
[SourceVersion "1"]
[SourceVersionDate "2024.10.14"]
[SourceQuality "1"]

1. e4 c6 2. Nc3 d5 3. Nf3 Bg4 4. h3 Bxf3 5. Qxf3 d4 6. Ne2 e5 7. Ng3 Nf6 8. Bc4 c5 9. d3 Nc6 10. 0-0 Be7 11. Nf5 Rg8 12. Qg3 Nh5 13. Qf3 Nf6 14. a4 Qd7 15. Bd2 Bf8 16. Nh6 gxh6 17. Qxf6 Rg6 18. Qf3 Bd6 19. Kh1 f6 20. Qh5 Bf8 21. f4 exf4 22. Bb5 Bd6 23. Bxf4 0-0-0 24. Bxd6 Qxd6 25. Bxc6 Qxc6 26. Rf5 b6 27. a5 Rdg8 28. axb6 axb6 29. Rf2 Kb7 30. b3 Qd6 31. Qf5 R8g7 32. Qf3 Rg3 33. Qf5 R3g5 34. Qf3 Rg3 35. Qh5 R3g5 36. Qxh6 R5g6 37. Qh4 Qe5 38. Raf1 Qg3 39. Qxg3 Rxg3 40. Rg1 R7g6 41. Rf3 Rxf3 42. gxf3 Rh6 43. Kh2 Kc6 44. Rg7 b5 45. Kg3 c4 46. bxc4 bxc4 47. h4 c3 48. f4 Kc5 49. f5 Kb4 50. Rb7+ Ka3 51. Kg4 1-0

[Event "Titled Tuesday intern op 03rd Sep Early"]
[Site "Chess.com INT"]
[Date "2024.09.03"]
[Round "8"]
[White "Starosta, Martyna"]
[Black "Badacsonyi, Stanley Ethan Artie"]
[Result "0-1"]
[WhiteElo "2325"]
[BlackElo "2322"]
[PlyCount "110"]
[EventDate "2024.09.03"]
[EventType "swiss (blitz)"]
[EventRounds "11"]
[EventCountry "USA"]
[SourceTitle "EXT 2025"]
[Source "ChessBase"]
[SourceDate "2024.10.14"]
[SourceVersion "1"]
[SourceVersionDate "2024.10.14"]
[SourceQuality "1"]

1. d4 Nf6 2. c4 c5 3. d5 b5 4. cxb5 a6 5. bxa6 g6 6. Nc3 Bg7 7. e4 0-0 8. Nf3 Qa5 9. Bd3 Bxa6 10. Bxa6 Nxe4 11. Bd3 Nxc3 12. Qd2 Nxd5 13. Qxa5 Rxa5 14. 0-0 Nb4 15. Bb1 d6 16. a3 N4c6 17. Be4 Rb5 18. Bd3 Rb6 19. Rb1 Na5 20. b4 cxb4 21. axb4 Nac6 22. b5 Nd4 23. Be3 e5 24. Rb4 Nbc6 25. Rc4 Nxf3+ 26. gxf3 Nd4 27. f4 Rxb5 28. fxe5 Nf3+ 29. Kg2 Nxe5 30. Rd4 Nxd3 31. Rxd3 Rd8 32. Rfd1 d5 33. Bg5 Rd7 34. Ra3 h6 35. Ra8+ Kh7 36. Bd2 d4 37. Kf3 Rf5+ 38. Ke2 d3+ 39. Kf1 Be5 40. h3 g5 41. Rb1 Bd4 42. Be1 d2 43. Bxd2 Rxf2+ 44. Ke1 Rh2 45. Rbb8 Bf2+ 46. Kd1 Be3 47. Rh8+ Kg6 48. Ra6+ f6 49. Rg8+ Kf7 50. Rh8 Rdxd2+ 51. Ke1 Rc2 52. Rh7+ Kg6 53. Rxh6+ Kxh6 54. Rxf6+ Kg7 55. Rf3 Rc1# 0-1

[Event "Titled Tuesday intern op 03rd Sep Early"]
[Site "Chess.com INT"]
[Date "2024.09.03"]
[Round "10"]
[White "Starosta, Martyna"]
[Black "Fofanov, Ilia"]
[Result "0-1"]
[WhiteElo "2325"]
[BlackElo "2182"]
[PlyCount "118"]
[EventDate "2024.09.03"]
[EventType "swiss (blitz)"]
[EventRounds "11"]
[EventCountry "USA"]
[SourceTitle "EXT 2025"]
[Source "ChessBase"]
[SourceDate "2024.10.14"]
[SourceVersion "1"]
[SourceVersionDate "2024.10.14"]
[SourceQuality "1"]

1. e4 c5 2. Nc3 Nc6 3. Nf3 g6 4. d4 cxd4 5. Nxd4 Bg7 6. Nb3 d6 7. Be3 Nf6 8. Qd2 Ng4 9. Bg5 h6 10. Bh4 0-0 11. Be2 Be6 12. 0-0 Nge5 13. f4 Nc4 14. Qc1 f5 15. exf5 gxf5 16. Bf3 Rc8 17. Nd5 Nxb2 18. Qe1 Bxd5 19. Bxd5+ Kh8 20. Rb1 Na4 21. Be6 Rc7 22. Rf3 Nc5 23. Nxc5 dxc5 24. Rh3 Nd4 25. Bg5 Rc6 26. Bxh6 Rxe6 27. Bxg7+ Kxg7 28. Rg3+ Kf7 29. Re3 Nxc2 30. Qh4 Nxe3 31. Qh7+ Ke8 32. Qh5+ Kd7 33. Rxb7+ Kc6 34. Rb1 Qd4 35. Qe2 Nc4+ 36. Qf2 Re2 37. Qxd4 cxd4 38. Rc1 Kd6 39. Kf1 Rxa2 40. Rxc4 Kd5 41. Rb4 Rc8 42. Rb1 Rcc2 43. g4 fxg4 44. f5 Ke5 45. Re1+ Kf4 46. h3 g3 47. f6 exf6 48. h4 Rh2 49. Kg1 Rxh4 50. Rf1+ Kg5 51. Re1 Rhh2 52. Rd1 Rhd2 53. Rf1 d3 54. Rf3 Re2 55. Rxg3+ Kf4 56. Kh1 Re1+ 57. Rg1 Rxg1+ 58. Kxg1 Kf3 59. Kf1 Ra1# 0-1

[Event "Titled Tuesday intern op 16th Jul Early"]
[Site "Chess.com INT"]
[Date "2024.07.16"]
[Round "3"]
[White "Bulatova, Kamaliya"]
[Black "Starosta, Martyna"]
[Result "0-1"]
[WhiteElo "2091"]
[BlackElo "2266"]
[PlyCount "68"]
[EventDate "2024.07.16"]
[EventType "swiss (blitz)"]
[EventRounds "11"]
[EventCountry "USA"]
[SourceTitle "EXT 2025"]
[Source "ChessBase"]
[SourceDate "2024.10.14"]
[SourceVersion "1"]
[SourceVersionDate "2024.10.14"]
[SourceQuality "1"]

1. e4 e5 2. Nf3 Nc6 3. Bc4 Nf6 4. Ng5 d5 5. exd5 Na5 6. Bb5+ c6 7. dxc6 bxc6 8. Bd3 Be7 9. 0-0 Nd5 10. Ne4 Nf4 11. Qf3 f5 12. Nec3 0-0 13. Re1 Bd6 14. Bf1 e4 15. Qe3 Qh4 16. g3 Nh3+ 17. Kh1 Qh5 18. Be2 Qg6 19. b4 f4 20. Qd4 f3 21. Bc4+ Kh8 22. bxa5 c5 23. Qe3 Bf4 24. Rf1 Bxe3 25. dxe3 Ba6 26. Nd2 Bxc4 27. Nxc4 Qa6 28. Nxe4 Qxc4 29. Nd2 Qxc2 30. a4 Rad8 31. Ba3 Qxd2 32. Rad1 Nxf2+ 33. Kg1 Nh3+ 34. Kh1 Qg2# 0-1

[Event "Titled Tuesday intern op 16th Jul Early"]
[Site "Chess.com INT"]
[Date "2024.07.16"]
[Round "6"]
[White "Moncada Correa, Sara"]
[Black "Starosta, Martyna"]
[Result "0-1"]
[WhiteElo "2018"]
[BlackElo "2266"]
[PlyCount "64"]
[EventDate "2024.07.16"]
[EventType "swiss (blitz)"]
[EventRounds "11"]
[EventCountry "USA"]
[SourceTitle "EXT 2025"]
[Source "ChessBase"]
[SourceDate "2024.10.14"]
[SourceVersion "1"]
[SourceVersionDate "2024.10.14"]
[SourceQuality "1"]

1. d4 Nf6 2. c4 e6 3. Nf3 Bb4+ 4. Bd2 Qe7 5. Nc3 Bxc3 6. Bxc3 Ne4 7. Rc1 Nxc3 8. Rxc3 d6 9. g3 0-0 10. Bg2 e5 11. e3 Bg4 12. h3 Bh5 13. g4 Bg6 14. h4 Be4 15. d5 Nd7 16. Rh3 Nc5 17. Bf1 Qd7 18. Ng5 f6 19. Nxe4 Nxe4 20. Ra3 f5 21. Be2 Nxf2 22. Kxf2 fxg4+ 23. Kg3 gxh3 24. Bg4 Qe7 25. Qh1 Qf6 26. Qh2 Qf1 27. e4 Rf4 28. Be6+ Kh8 29. Re3 Raf8 30. Bg4 Qg2+ 31. Qxg2 hxg2 32. Re1 Rf1 0-1

[Event "Warsaw Maciei Memorial Blitz"]
[Site "Warsaw"]
[Date "2024.07.08"]
[Round "11"]
[White "Starosta, Martyna"]
[Black "Barwinska, Ewa"]
[Result "1-0"]
[WhiteElo "2266"]
[BlackElo "2035"]
[PlyCount "63"]
[EventDate "2024.07.08"]
[EventType "swiss (blitz)"]
[EventRounds "11"]
[EventCountry "POL"]
[SourceTitle "CBM 221 Extra"]
[Source "ChessBase"]
[SourceDate "2024.09.30"]
[SourceVersion "1"]
[SourceVersionDate "2024.09.30"]
[SourceQuality "1"]

1. e4 c5 2. Nf3 e6 3. d4 cxd4 4. Nxd4 a6 5. Bd3 Qc7 6. 0-0 Nc6 7. Be3 Nf6 8. f4 d6 9. Nc3 Be7 10. Qf3 Bd7 11. Rae1 Rc8 12. Kh1 b5 13. a3 Nxd4 14. Bxd4 Bc6 15. Qg3 0-0 16. e5 Nh5 17. Qh3 g6 18. Ne4 Bxe4 19. Bxe4 d5 20. Bd3 Bc5 21. Bxc5 Qxc5 22. g4 Ng7 23. Qh6 f5 24. exf6 Rxf6 25. Rf3 Qc7 26. Rh3 Ne8 27. g5 Rf7 28. Bxg6 Rg7 29. Bd3 Qxf4 30. Rf1 Qxg5 31. Bxh7+ Kh8 32. Rf8+ 1-0

[Event "EU-chT U18 Girls"]
[Site "Rhodes"]
[Date "2024.06.22"]
[Round "2"]
[White "Starosta, Martyna"]
[Black "Peglau, Charis"]
[Result "1/2-1/2"]
[WhiteElo "2268"]
[BlackElo "2088"]
[PlyCount "145"]
[EventDate "2024.06.21"]
[EventType "team-swiss"]
[EventRounds "7"]
[EventCountry "GRE"]
[SourceTitle "CBM 221 Extra"]
[Source "ChessBase"]
[SourceDate "2024.09.30"]
[SourceVersion "1"]
[SourceVersionDate "2024.09.30"]
[SourceQuality "1"]
[WhiteTeam "Poland U18 Girls"]
[BlackTeam "Germany U18 Girls"]
[WhiteTeamCountry "POL"]
[BlackTeamCountry "GER"]

1. e4 c6 2. d4 d5 3. exd5 cxd5 4. c4 Nf6 5. Nc3 g6 6. Qb3 Bg7 7. cxd5 0-0 8. Be2 a5 9. Bf3 Nbd7 10. Nge2 Nb6 11. a4 e6 12. Bg5 Nbxd5 13. Nxd5 exd5 14. Bxf6 Bxf6 15. Bxd5 Ra6 16. Rd1 Rb6 17. Qa2 Rd6 18. Nc3 Be6 19. Bxe6 Rxe6+ 20. Kf1 Rfe8 21. g3 Qd7 22. Kg2 b6 23. Qd5 Qe7 24. Qf3 Bg7 25. Rd3 Qb4 26. Nd5 Qxb2 27. Rhd1 Qc2 28. Rc3 Qxa4 29. Rc7 Rf8 30. Ne7+ Kh8 31. d5 Rd6 32. Nc8 Rf6 33. Qe2 Rf5 34. Nxb6 Qb3 35. Nd7 Rxd5 36. Rdc1 Rg8 37. Rc8 h5 38. Rxg8+ Kxg8 39. Qe8+ Kh7 40. Qxf7 Kh8 41. Qf4 Kh7 42. Nf6+ Bxf6 43. Rc7+ Bg7 44. Qf6 Rd7 45. Rxd7 Qg8 46. Qe7 a4 47. Ra7 Qd5+ 48. f3 Qd4 49. Kh3 Kh8 50. Qd7 Qa1 51. Qd2 Kh7 52. Qd3 Kh8 53. Ra6 Bf6 54. Qe3 Kh7 55. Qd3 Kh8 56. Kg2 Qb2+ 57. Kf1 Qa1+ 58. Ke2 Kh7 59. Qd7+ Bg7 60. Rxa4 Qb2+ 61. Kf1 Qxh2 62. Ra7 Qh1+ 63. Ke2 Qg2+ 64. Ke3 Qg1+ 65. Ke4 Qe1+ 66. Kd5 Qe5+ 67. Kc6 Qc3+ 68. Kb6 Kh8 69. Ka6 Qa3+ 70. Kb5 Qb3+ 71. Ka6 Qa3+ 72. Kb5 Qb3+ 73. Ka6 1/2-1/2

[Event "EU-ch (Women) 24th"]
[Site "Rhodes"]
[Date "2024.04.29"]
[Round "10"]
[White "Starosta, Martyna"]
[Black "Follana Albelda, Lucia"]
[Result "1-0"]
[WhiteElo "2254"]
[BlackElo "1954"]
[PlyCount "53"]
[EventDate "2024.04.19"]
[EventType "swiss"]
[EventRounds "10"]
[EventCountry "GRE"]
[SourceTitle "CBM 219 Extra"]
[Source "ChessBase"]
[SourceDate "2024.05.31"]
[SourceVersion "1"]
[SourceVersionDate "2024.05.31"]
[SourceQuality "1"]

1. e4 c6 2. d4 d5 3. e5 c5 4. Nf3 cxd4 5. Qxd4 Nc6 6. Qf4 e6 7. Bd3 f6 8. Qh4 Qe7 9. exf6 Nxf6 10. 0-0 Qb4 11. c4 Be7 12. a3 Qb3 13. Bg6+ Kd8 14. cxd5 exd5 15. Nc3 Qc4 16. Qxc4 dxc4 17. Bf7 Na5 18. Rd1+ Kc7 19. Bf4+ Kb6 20. Ne5 Nb3 21. Be3+ Ka5 22. Nxc4+ Ka6 23. Nd6 Rd8 24. Bxb3 Rxd6 25. Bc4+ b5 26. Rxd6+ Bxd6 27. Nxb5 1-0

[Event "EU-ch (Women) 24th"]
[Site "Rhodes"]
[Date "2024.04.23"]
[Round "5"]
[White "Tsolakidou, Stavroula"]
[Black "Starosta, Martyna"]
[Result "1/2-1/2"]
[WhiteElo "2424"]
[BlackElo "2254"]
[PlyCount "59"]
[EventDate "2024.04.19"]
[EventType "swiss"]
[EventRounds "10"]
[EventCountry "GRE"]
[SourceTitle "CBM 219 Extra"]
[Source "ChessBase"]
[SourceDate "2024.05.31"]
[SourceVersion "1"]
[SourceVersionDate "2024.05.31"]
[SourceQuality "1"]

1. e4 e5 2. Nf3 Nc6 3. Bb5 a6 4. Ba4 Nf6 5. 0-0 Nxe4 6. d4 b5 7. Bb3 d5 8. dxe5 Be6 9. c3 Bc5 10. Nbd2 0-0 11. Bc2 Nxf2 12. Rxf2 Bxf2+ 13. Kxf2 f6 14. Nf1 fxe5 15. Kg1 Qf6 16. Bg5 Qf7 17. Bh4 h6 18. Ne3 g5 19. Bg3 Rad8 20. Nxe5 Nxe5 21. Bxe5 Qf2+ 22. Kh1 Qxe3 23. Bd4 Qf4 24. Qh5 Bf5 25. Qxh6 Rd7 26. Qh8+ Kf7 27. Qh5+ Kg8 28. Qh8+ Kf7 29. Qh5+ Kg8 30. Qh8+ 1/2-1/2